New Trends and Generations in African Literature (Record no. 1902)

MARC details
000 -LEADER
fixed length control field 00363nam a22001337a 4500
008 - FIXED-LENGTH DATA ELEMENTS--GENERAL INFORMATION
fixed length control field 250108b |||||||| |||| 00| 0 eng d
020 ## - INTERNATIONAL STANDARD BOOK NUMBER
ISBN 0-86543-507-3
100 ## - MAIN ENTRY--AUTHOR
Author Jones Durosimi Eldred
245 ## - TITLE STATEMENT
Title New Trends and Generations in African Literature
260 ## - PUBLICATION, DISTRIBUTION, ETC. (IMPRINT)
Place of publication London
Name of publisher Africa World Press Inc
Date of publication 1996
300 ## - COLLATION
Pagination vi,186
942 ## - ADDED ENTRY ELEMENTS (KOHA)
Item type Books
050 ## - LIBRARY OF CONGRESS CALL NUMBER
Classification number PR9344
Item number .N49

No items available.